| 000 | 00696nam a2200181Ia 4500 | ||
|---|---|---|---|
| 008 | 090123s9999 xx 000 0 und d | ||
| 082 | _b32129 | ||
| 100 | _aआठवले सदाशिव | ||
| 245 | _aबुंदेलखंडाचा महाराजा छत्रसाल | ||
| 250 | _a1 | ||
| 260 |
_bविद्या प्रकाशन _c2000 |
||
| 300 | _a160 | ||
| 600 | _aआठवले सदाशिव | ||
| 630 | _aबुंदेलखंडाचा महाराजा छत्रसाल | ||
| 700 | _aआठवले सदाशिव | ||
| 730 | _aबुंदेलखंडाचा महाराजा छत्रसाल | ||
| 942 | _cBOOK | ||
| 999 |
_c70189 _d70189 |
||